000 004390000a22001810004500
003 MACL
005 20160109121022.0
008 160109b xxu||||| |||| 00| 0 eng d
040 _aMACL
_cMACL
041 _aEnglish
082 _a920/PUR
100 _aPuri, G K
_930212
245 _aKhan Abdul Ghaffar Khan
260 _bCongress Centenary
_c1987
_aNew Delhi
350 _a35
650 _aBiography
_930213
942 _cBK
_k920/Pur
_2ddc
999 _c34174
_d34174